Regelfragen Schiedsrichter-Zeitung - 06/2024 - Statistiken

Allgemein
  • Dieses Quiz wurde 23 mal gespielt
  • Das Durchschnittsergebnis liegt bei 6 aus 30
Antwortstatistiken
Hint Antwort % Korrekt
Bei einem Abstoß lupft der Torwart den Ball nach oben, und ein Mitspieler spielt ihn dann per Brust zurück, damit der Torhüter den Ball mit den Händen aufnehmen kann. Wie entscheidet der Schiedsrichter? Indirekter Freistoß
35%
Dem Torhüter misslingt die Ausführung eines Freistoßes im eigenen Strafraum völlig. Um zu verhindern, dass der gegnerische Stürmer in Ballbesitz gelangt und so eine klare und eindeutige Torchance erhält, spielt der Torhüter den Ball ein zweites Mal. Wie entscheidet der Schiedsrichter? Indirekter Freistoß
35%
Unmittelbar vor der Strafstoßausführung will eine Mannschaft ausgerechnet den Spieler auswechseln, der zur Ausführung des Straf-stoßesbereitsteht. DerSchiedsrichterstimmt der Auswechslung zu, und der auszuwechselnde Spieler geht zur Mittellinie. Muss der Schiedsrichter hier eingreifen? Ja
35%
Ein Spieler läuft allein auf das gegnerische Tor zu und wird von einem Abwehrspieler am Trikot festgehalten, wodurch eine klare Torchance verhindert wird. Da der Stürmer sich aber losreißen kann, entscheidet der Schiedsrichter auf Vorteil, und der Ball wird vom Stürmer ins Tor geschossen. Wie entscheidet der Schiedsrichter? Tor, Anstoß
35%
Bei einem Abstoß lupft der Torwart den Ball nach oben, und ein Mitspieler spielt ihn dann per Brust zurück, damit der Torhüter den Ball mit den Händen aufnehmen kann. Wie entscheidet der Schiedsrichter? Verwarnung
35%
Ein Spieler steht zum Zeitpunkt des Abspiels im Abseits. Als der Ball gespielt ist, läuft der Angreifer ein paar Meter zurück in die eigene Hälfte und nimmt den Ball dort an. Wie entscheidet der Schiedsrichter und wo muss das Spiel fortgesetzt werden? Indirekter Freistoß
29%
Unmittelbar vor der Strafstoßausführung will eine Mannschaft ausgerechnet den Spieler auswechseln, der zur Ausführung des Straf-stoßesbereitsteht. DerSchiedsrichterstimmt der Auswechslung zu, und der auszuwechselnde Spieler geht zur Mittellinie. Muss der Schiedsrichter hier eingreifen? Ja
29%
In einem Pokalspiel erhält der Spieler der Heimmannschaft in der 59. Minute wegen eines Fußvergehens eine Verwarnung. Im Elfmeterschießen tritt er nun an und täuscht den Torwart in unsportlicher Weise. Der Schiedsrichter erkennt den Treffer nicht an und verwarnt den Spieler, zeigt ihm allerdings nicht „Gelb/Rot". Handelt er richtig? Ja
29%
In der Nachspielzeit läuft ein Angreifer der Gastmannschaft allein aufs gegnerische Tor zu. In Erwartung des bevorstehenden Treffers läuft ein Mitspieler des Angreifers bereits voller Vorfreude ein paar Meter aufs Spielfeld.Unmittelbar darauf erzielt der Angreifer tatsächlich ein Tor, das vom Schiedsrichter anerkannt wird. Ist dies korrekt? Ja, Tor, Anstoß
29%
Ein Angreifer hat den Torhüter ausgespielt und schießt den Ball aufs leere Tor. Jetzt läuft ein Platzordner seitlich des Tores auf das Spielfeld und will den Ball kurz vor Uber-schreiten der Torlinie wegschießen. Er berührt ihn zwar noch, kann aber nicht ver-hindern, dass der Ball trotzdem ins Tor geht.Wie entscheidet der Referee? Tor, Anstoß
29%
Ein Spieler läuft allein auf das gegnerische Tor zu und wird von einem Abwehrspieler am Trikot festgehalten, wodurch eine klare Torchance verhindert wird. Da der Stürmer sich aber losreißen kann, entscheidet der Schiedsrichter auf Vorteil, und der Ball wird vom Stürmer ins Tor geschossen. Wie entscheidet der Schiedsrichter? Verwarnung
29%
Der Ball ist im Seitenaus. Ein Auswechselspieler wirft beim Stand von 1:1 in der 89.Minute aus der Coachingzone heraus einen zweiten Ball auf das Spielfeld, um so die schnelle Spielfortsetzung zu verhindern. Der Schiedsrichter verweist daraufhin den Auswechselspieler mit „Rot" aus dem Innenraum. Handelt er richtig? Nein
24%
In der Nachspielzeit läuft ein Angreifer der Gastmannschaft allein aufs gegnerische Tor zu. In Erwartung des bevorstehenden Treffers läuft ein Mitspieler des Angreifers bereits voller Vorfreude ein paar Meter aufs Spielfeld.Unmittelbar darauf erzielt der Angreifer tatsächlich ein Tor, das vom Schiedsrichter anerkannt wird. Ist dies korrekt? Verwarnung
24%
Der Schiri sieht, wie ein Spieler während des laufenden Spiels das Spielfeld über die Seitenlinie verlässt und auf der Aschenbahn einen Platzordner schlägt. Wie entscheidet er? Feldverweis
18%
Dem Torhüter misslingt die Ausführung eines Freistoßes im eigenen Strafraum völlig. Um zu verhindern, dass der gegnerische Stürmer in Ballbesitz gelangt und so eine klare und eindeutige Torchance erhält, spielt der Torhüter den Ball ein zweites Mal. Wie entscheidet der Schiedsrichter? Feldverweis
18%
Bei einem Freistoß für die angreifende Mann-schaft, 20 Meter vor dem Tor, stellt der Schiedsrichter die Mauer von drei Spielern auf den vorgeschriebenen Abstand. Kurzvor der Ausführung läuft ein Stürmer hinzu und stellt sich direkt neben die Mauer. Der Schiedsrichter hatte den Freistoß schon mit Pfiff freigegeben, der Schütze führt aus und schießt den Ball ins Tor. Wie muss der Schiedsrichter entscheiden? Indirekter Freistoß
18%
Der Schiri sieht, wie ein Spieler während des laufenden Spiels das Spielfeld über die Seitenlinie verlässt und auf der Aschenbahn einen Platzordner schlägt. Wie entscheidet er? Indirekter Freistoß
18%
Ein Verteidiger führt einen Abstoß aus und spielt den Ball zu seinem seitlich am Torraum stehenden Torwart. Dieser nimmt den Ball mit dem Fuß an, doch dabei verspringt ihm der Ballso unglücklich, dass der heraneilende Stürmer den Ball nur noch ins leerstehende Tor zu schießen bräuchte. Dies verhindert der Torhüter mit einem Hechtsprung, bei dem er den Ball noch vor dem Stürmer mit der Hand ins Aus befördert. Wie muss der Schiedsrichter entscheiden? Indirekter Freistoß
18%
In einem Pokalspiel erhält der Spieler der Heimmannschaft in der 59. Minute wegen eines Fußvergehens eine Verwarnung. Im Elfmeterschießen tritt er nun an und täuscht den Torwart in unsportlicher Weise. Der Schiedsrichter erkennt den Treffer nicht an und verwarnt den Spieler, zeigt ihm allerdings nicht „Gelb/Rot". Handelt er richtig? Ja
18%
Ein Angreifer hat den Torhüter ausgespielt und schießt den Ball aufs leere Tor. Jetzt läuft ein Platzordner seitlich des Tores auf das Spielfeld und will den Ball kurz vor Uber-schreiten der Torlinie wegschießen. Er berührt ihn zwar noch, kann aber nicht ver-hindern, dass der Ball trotzdem ins Tor geht.Wie entscheidet der Referee? Verweis des Ordners aus dem Innenraum
18%
Der Torwart hat den Ball sicher gefangen und wirft diesen, weil das Spielfeld klein ist, weit nach vorne. Der aufgerückte gegnerische Torwart an der Mittellinie kann den Ball nicht mehr erreichen. So landet der Ball - mit Unterstützung des Windes - im gegnerischen Tor. Entscheidung? Abstoß
12%
Bei einem Freistoß für die angreifende Mann-schaft, 20 Meter vor dem Tor, stellt der Schiedsrichter die Mauer von drei Spielern auf den vorgeschriebenen Abstand. Kurzvor der Ausführung läuft ein Stürmer hinzu und stellt sich direkt neben die Mauer. Der Schiedsrichter hatte den Freistoß schon mit Pfiff freigegeben, der Schütze führt aus und schießt den Ball ins Tor. Wie muss der Schiedsrichter entscheiden? Keine Karte
12%
In einem Spiel der Frauen-Bundesliga schießt die Spielerin einen Strafstoß über das gegnerische Tor. Die Torfrau hat sich vor der Ausführung auch mit ihrem zweiten Fuß circa zehn Zentimeter von der Linie nach vorne entfernt.Die Schiedsrichter-Assistentin signalisiert dies, und die Schiedsrichterin lässt den Strafstoß wiederholen. Handelt sie richtig? Nein
12%
In einem Spiel der Frauen-Bundesliga schießt die Spielerin einen Strafstoß über das gegnerische Tor. Die Torfrau hat sich vor der Ausführung auch mit ihrem zweiten Fuß circa zehn Zentimeter von der Linie nach vorne entfernt.Die Schiedsrichter-Assistentin signalisiert dies, und die Schiedsrichterin lässt den Strafstoß wiederholen. Handelt sie richtig? Nein
12%
Der Torwart hat den Ball sicher gefangen und wirft diesen, weil das Spielfeld klein ist, weit nach vorne. Der aufgerückte gegnerische Torwart an der Mittellinie kann den Ball nicht mehr erreichen. So landet der Ball - mit Unterstützung des Windes - im gegnerischen Tor. Entscheidung? Keine Karte
6%
Der Verteidiger spielt den Ball zu seinem am Elfmeterpunkt stehenden Torwart zurück.Dieser will die Situation klären, indem er den Ball wegschlägt. Dabei produziert er allerdings aufgrund des holprigen Rasens eine „Kerze". Den wieder herunterkommenden Ball fängt er dann sicher und schießt ihn anschließend mit einem Abschlag weit in die gegnerische Hälfte. Wie entscheidet der Unparteiische? Keine Karte
6%
Ein Verteidiger führt einen Abstoß aus und spielt den Ball zu seinem seitlich am Torraum stehenden Torwart. Dieser nimmt den Ball mit dem Fuß an, doch dabei verspringt ihm der Ballso unglücklich, dass der heraneilende Stürmer den Ball nur noch ins leerstehende Tor zu schießen bräuchte. Dies verhindert der Torhüter mit einem Hechtsprung, bei dem er den Ball noch vor dem Stürmer mit der Hand ins Aus befördert. Wie muss der Schiedsrichter entscheiden? Keine Karte
6%
Der Ball ist im Seitenaus. Ein Auswechselspieler wirft beim Stand von 1:1 in der 89.Minute aus der Coachingzone heraus einen zweiten Ball auf das Spielfeld, um so die schnelle Spielfortsetzung zu verhindern. Der Schiedsrichter verweist daraufhin den Auswechselspieler mit „Rot" aus dem Innenraum. Handelt er richtig? Verwarnung
6%
Der Verteidiger spielt den Ball zu seinem am Elfmeterpunkt stehenden Torwart zurück.Dieser will die Situation klären, indem er den Ball wegschlägt. Dabei produziert er allerdings aufgrund des holprigen Rasens eine „Kerze". Den wieder herunterkommenden Ball fängt er dann sicher und schießt ihn anschließend mit einem Abschlag weit in die gegnerische Hälfte. Wie entscheidet der Unparteiische? Weiterspielen
6%
Ein Spieler steht zum Zeitpunkt des Abspiels im Abseits. Als der Ball gespielt ist, läuft der Angreifer ein paar Meter zurück in die eigene Hälfte und nimmt den Ball dort an. Wie entscheidet der Schiedsrichter und wo muss das Spiel fortgesetzt werden? Wo? {wo der Spieler insSpiel eingreift}
6%
Keine übereinstimmenden Quizze gefunden
Verteilung der Resultate
Anzahl Personen mit jedem Resultat
Perzentil nach korrekt beantworteten Fragen
Ihre Resultats-Entwicklung
Sie haben dieses Quiz noch nicht gespielt